| Tag |
First Indicator |
Second Indicator |
Subfields |
| LEADER |
00000cam a2200000 i 4500 |
| 001 |
in00005375475 |
| 003 |
OCoLC |
| 005 |
20240909165724.5 |
| 008 |
230511s2023 enka b 001 0 eng d |
| 040 |
|
|
|a YDX
|e rda
|c YDX
|d BDX
|d LDS
|
| 020 |
|
|
|a 9781913743796
|q paperback
|
| 020 |
|
|
|a 1913743799
|q paperback
|
| 020 |
|
|
|z 9781913743802
|q electronic book
|
| 035 |
|
|
|a (OCoLC)1378708514
|
| 050 |
|
4 |
|a BD161
|b .B34 2023
|
| 082 |
0 |
|
|a 121
|2 23/eng/20240318
|
| 100 |
1 |
|
|a Bateson, Gregory,
|d 1904-1980,
|e author.
|
| 245 |
1 |
2 |
|a A sacred unity :
|b further steps to an ecology of mind /
|c Gregory Bateson ; edited by Rodney E. Donaldson.
|
| 250 |
|
|
|a 2023 edition.
|
| 264 |
|
1 |
|a Axminster, UK :
|b Triarchy Press,
|c 2023.
|
| 300 |
|
|
|a xxxviii, 338 pages :
|b illustrations ;
|c 24 cm.
|
| 336 |
|
|
|a text
|b txt
|2 rdacontent
|
| 337 |
|
|
|a unmediated
|b n
|2 rdamedia
|
| 338 |
|
|
|a volume
|b nc
|2 rdacarrier
|
| 504 |
|
|
|a Includes bibliographical references (pages 293-320) and index.
|
| 520 |
|
|
|a In 31 posthumously collected lectures and writings, anthropologist, systems thinker and cyberneticist Gregory Bateson (1904-1980) addresses questions of ecology, mind, consciousness, linguistics, evolution, and communication. His masterly synthesis stresses the need to re-establish a ‘ sacred unity’ between the human mind and the biosphere.
|
| 650 |
|
0 |
|a Knowledge, Theory of.
|
| 650 |
|
0 |
|a Ethnology.
|
| 650 |
|
0 |
|a Evolution.
|
| 700 |
1 |
|
|a Donaldson, Rodney E.,
|e editor.
|
| 945 |
|
|
|b 147451
|
| 947 |
|
|
|a A14852499566
|
| 948 |
|
|
|a dmitchel 9/6/24 2.44.16
|
| 980 |
|
|
|b print
|c 40032409577
|f NONFIC/B
|g 565714
|k USD
|m 24.00
|q 1
|s AcqMono Conventional
|t Approval plan
|u Vendor order reference number
|v ZYBP
|y Print approval
|z Physical resource
|
| 999 |
f |
f |
|i 13a97fa3-65d6-4358-8135-a0031cd8309c
|s f2f633f0-55b1-49f3-a4f1-29cd29636622
|t 0
|
| 952 |
f |
f |
|p normal
|a Texas A&M University
|b College Station
|c Sterling C. Evans Library
|d Evans: Library Stacks
|t 0
|e BD161 .B34 2023
|h Library of Congress classification
|i unmediated -- volume
|m A14852499566
|
| 998 |
f |
f |
|a BD161 .B34 2023
|t 0
|l Evans: Library Stacks
|